[Event "Sharjah Challengers 6th"]
[Site "Sharjah"]
[Date "2023.05.18"]
[Round "2"]
[White "Elgabry, Mohsen"]
[Black "Bai, Adelard"]
[Result "0-1"]
[WhiteElo "2277"]
[BlackElo "2409"]
[PlyCount "278"]
[EventDate "2023.05.17"]
[EventType "swiss"]
[EventRounds "9"]
[EventCountry "UAE"]
[SourceTitle "CBM 214 Extra"]
[Source "ChessBase"]
[SourceDate "2023.07.31"]
[SourceVersion "1"]
[SourceVersionDate "2023.07.31"]
[SourceQuality "1"]

1. Nf3 d5 2. g3 c6 3. Bg2 Bf5 4. b3 e6 5. Bb2 Nf6 6. d3 h6 7. Nbd2 Be7 8. 0-0 0-0 9. a3 a5 10. c4 Bh7 11. Qc2 Nbd7 12. Rac1 Qb6 13. Rb1 Qa6 14. Rfc1 Rfe8 15. Ra1 Qb6 16. Bd4 c5 17. Bxf6 Bxf6 18. Rab1 Rac8 19. Ne1 Qd6 20. Qd1 Ne5 21. Ndf3 Nc6 22. Nc2 b6 23. Qe1 Nd4 24. Ne3 Nxf3+ 25. Bxf3 Bg5 26. Rd1 d4 27. Nc2 e5 28. e4 dxe3 29. Nxe3 Bxe3 30. Qxe3 Bf5 31. b4 axb4 32. axb4 cxb4 33. Qe1 Qd4 34. Rxb4 Red8 35. Be2 e4 36. dxe4 Qxe4 37. Bf1 Qf3 38. Qe2 Qc6 39. Bg2 Qf6 40. h3 Rxd1+ 41. Qxd1 Rd8 42. Qc1 Qd4 43. Qb2 Qd1+ 44. Kh2 Rd2 45. Qe5 Rxf2 46. Rb2 Rxb2 47. Qxb2 Qd6 48. Bd5 Be6 49. Bxe6 fxe6 50. Qe2 Kf7 51. h4 Qd4 52. Qf3+ Ke7 53. Qc6 Qd6 54. Qb7+ Kf8 55. Qa8+ Kf7 56. Qb7+ Kg8 57. Qa8+ Qf8 58. Qc6 Qf2+ 59. Kh3 Qf1+ 60. Kh2 Qe2+ 61. Kh3 h5 62. Qxb6 Qxc4 63. Qd8+ Kh7 64. Qe8 Qg4+ 65. Kh2 Qf5 66. Qc8 Kg6 67. Kg2 e5 68. Qe8+ Kh7 69. Qb5 Qe4+ 70. Kf2 Qd4+ 71. Ke2 Qg4+ 72. Kf2 e4 73. Qb3 Qf5+ 74. Kg2 Kg6 75. Qb6+ Qf6 76. Qe3 Qb2+ 77. Kf1 Qe5 78. Kg2 Qd5 79. Kf2 Kh7 80. Ke2 Qf5 81. Qb3 Kg6 82. Qb6+ Kf7 83. Qb7+ Kf6 84. Qb6+ Qe6 85. Qd8+ Kf7 86. Qg5 Qc4+ 87. Kf2 Qc2+ 88. Ke1 Qc3+ 89. Ke2 Qf3+ 90. Kd2 Qf2+ 91. Kd1 Qf3+ 92. Kd2 g6 93. Qd5+ Kg7 94. Qd4+ Kh7 95. Qe3 Qg2+ 96. Kc3 Qa2 97. Kd4 Qa4+ 98. Ke5 Qe8+ 99. Kf4 Qe6 100. Qxe4 Qg4+ 101. Ke3 Qxg3+ 102. Kd2 Qd6+ 103. Ke3 Qc7 104. Kf3 Qd6 105. Kg2 Kg7 106. Qa4 Kf6 107. Kf3 Qd3+ 108. Kf4 Qf1+ 109. Kg3 Qe1+ 110. Kf3 Qc3+ 111. Kf4 Qc5 112. Qa1+ Kf7 113. Qa2+ Kg7 114. Qb2+ Kh7 115. Qb7+ Kh6 116. Qh1 Qf5+ 117. Ke3 Qg4 118. Qh2 Qe6+ 119. Kf3 Qb3+ 120. Ke4 Qc4+ 121. Ke3 Qc5+ 122. Ke4 Qc4+ 123. Ke3 Qe6+ 124. Kf3 Qf5+ 125. Ke3 Qe6+ 126. Kd4 g5 127. hxg5+ Kxg5 128. Qd2+ Kg6 129. Qh2 Qe1 130. Qg2+ Kh6 131. Qe4 Qd2+ 132. Ke5 Qg5+ 133. Kd4 Qd2+ 134. Qd3 Qf4+ 135. Qe4 Kg5 136. Kd3 Qxe4+ 137. Kxe4 Kg4 138. Ke3 Kg3 139. Ke2 Kg2 0-1

[Event "Rilton Cup 50th"]
[Site "Stockholm"]
[Date "2023.01.04"]
[Round "8"]
[White "Bai, Adelard"]
[Black "Sardana, Rishi"]
[Result "1/2-1/2"]
[WhiteElo "2411"]
[BlackElo "2460"]
[PlyCount "78"]
[EventDate "2022.12.27"]
[EventType "swiss"]
[EventRounds "9"]
[EventCountry "SWE"]
[SourceTitle "CBM 212 Extra"]
[Source "ChessBase"]
[SourceDate "2023.03.31"]
[SourceVersion "1"]
[SourceVersionDate "2023.03.31"]
[SourceQuality "1"]

1. d4 Nf6 2. c4 e6 3. Nf3 d5 4. g3 Bb4+ 5. Bd2 Be7 6. Bg2 0-0 7. 0-0 c6 8. Qc2 Nbd7 9. Bf4 b6 10. Nbd2 Nh5 11. e3 Bb7 12. cxd5 Nxf4 13. gxf4 cxd5 14. Rfc1 Bd6 15. Bf1 a6 16. Bd3 g6 17. Kh1 Qe7 18. Rg1 Rac8 19. Qd1 Nf6 20. Qe2 Bb4 21. Ne5 Rc7 22. Ndf3 Ne4 23. a3 Bd6 24. Nd2 Qh4 25. Bxe4 dxe4 26. Rg4 Qh5 27. Rag1 Bxe5 28. Rxg6+ Qxg6 29. Rxg6+ hxg6 30. fxe5 Rc2 31. h4 Kg7 32. Kg2 Rxb2 33. h5 Bd5 34. Qg4 Rh8 35. hxg6 fxg6 36. Nxe4 Rf8 37. Kg3 Rb1 38. Kg2 Rc8 39. Qh4 Rf8 1/2-1/2

[Event "SWE-ch Blitz"]
[Site "Stockholm"]
[Date "2023.01.01"]
[Round "3"]
[White "Bai, Adelard"]
[Black "Horvath, Dominik"]
[Result "1/2-1/2"]
[WhiteElo "2410"]
[BlackElo "2501"]
[PlyCount "80"]
[EventDate "2023.01.01"]
[EventType "swiss (blitz)"]
[EventRounds "13"]
[EventCountry "SWE"]
[SourceTitle "CBM 211 Extra"]
[Source "ChessBase"]
[SourceDate "2023.01.31"]
[SourceVersion "1"]
[SourceVersionDate "2023.01.31"]
[SourceQuality "1"]

1. d4 Nf6 2. c4 e6 3. Nf3 d5 4. g3 Bb4+ 5. Bd2 a5 6. Qc2 0-0 7. Bg2 c5 8. cxd5 cxd4 9. Nxd4 Qb6 10. e3 exd5 11. 0-0 Nc6 12. Nxc6 bxc6 13. Rc1 Bd7 14. Nc3 Rab8 15. Na4 Qd8 16. Nc5 Bxd2 17. Qxd2 h5 18. h3 Bf5 19. Nb3 Ne4 20. Qxa5 Qxa5 21. Nxa5 Rxb2 22. Bxe4 Bxe4 23. Nxc6 h4 24. gxh4 f5 25. Nd4 f4 26. f3 fxe3 27. fxe4 Rff2 28. Rc2 Rfxc2 29. Nxc2 Rxc2 30. exd5 Rd2 31. Re1 Rxa2 32. Rxe3 Rd2 33. Re5 Kf7 34. h5 Kf6 35. Re6+ Kf7 36. Rd6 Ke7 37. Rg6 Rxd5 38. Rxg7+ Kf6 39. Rg6+ Kf7 40. Rh6 Kg7 1/2-1/2

[Event "Rilton Cup 50th"]
[Site "Stockholm"]
[Date "2022.12.28"]
[Round "2"]
[White "Bai, Adelard"]
[Black "Galperin, Platon"]
[Result "0-1"]
[WhiteElo "2411"]
[BlackElo "2530"]
[PlyCount "78"]
[EventDate "2022.12.27"]
[EventType "swiss"]
[EventRounds "9"]
[EventCountry "SWE"]
[SourceTitle "CBM 212 Extra"]
[Source "ChessBase"]
[SourceDate "2023.03.31"]
[SourceVersion "1"]
[SourceVersionDate "2023.03.31"]
[SourceQuality "1"]

1. d4 Nf6 2. c4 g6 3. g3 Bg7 4. Bg2 0-0 5. Nc3 d6 6. Nf3 Re8 7. 0-0 Bd7 8. e4 e5 9. h3 exd4 10. Nxd4 Nc6 11. Be3 Nxd4 12. Bxd4 c5 13. Be3 Bc6 14. Qc2 a6 15. Rfe1 Qe7 16. Kh2 h5 17. Nd5 Bxd5 18. exd5 h4 19. Bxc5 hxg3+ 20. fxg3 Qxe1 21. Rxe1 Rxe1 22. Bb4 Re3 23. Bxd6 Rae8 24. Bf1 Ne4 25. Bf4 Rf3 26. d6 Rf2+ 27. Qxf2 Nxf2 28. Bg2 Rd8 29. c5 Nd3 30. b4 Nxf4 31. gxf4 Bf8 32. Kg3 b6 33. Bb7 bxc5 34. bxc5 Bxd6 35. cxd6 Rxd6 36. h4 Rd3+ 37. Kg4 f5+ 38. Kg5 Kg7 39. h5 Rg3+ 0-1

[Event "Sitges Sunway op 9th"]
[Site "Sitges"]
[Date "2022.12.21"]
[Round "9"]
[White "Bai, Adelard"]
[Black "Jain, Kashish Manoj"]
[Result "1/2-1/2"]
[WhiteElo "2411"]
[BlackElo "2334"]
[PlyCount "61"]
[EventDate "2022.12.12"]
[EventType "swiss"]
[EventRounds "10"]
[EventCountry "ESP"]
[SourceTitle "CBM 211 Extra"]
[Source "ChessBase"]
[SourceDate "2023.01.31"]
[SourceVersion "1"]
[SourceVersionDate "2023.01.31"]
[SourceQuality "1"]

1. d4 Nf6 2. c4 g6 3. Nf3 Bg7 4. g3 0-0 5. Bg2 d6 6. 0-0 Nc6 7. Nc3 e5 8. dxe5 dxe5 9. Be3 Be6 10. Qa4 Qc8 11. Rfd1 Re8 12. Nd5 Nd7 13. Ng5 Nb6 14. Qc2 Bxd5 15. cxd5 Nd4 16. Bxd4 exd4 17. Nh3 Nxd5 18. Bxd5 Qxh3 19. Qxc7 Rxe2 20. Qxb7 Rf8 21. Bf3 Rc2 22. Rac1 d3 23. Rxc2 dxc2 24. Rc1 Re8 25. Qb5 Rc8 26. Qd3 Bxb2 27. Rxc2 Rxc2 28. Qxc2 Bd4 29. Qe4 Qd7 30. Qd5 Qxd5 31. Bxd5 1/2-1/2